000 01127nam a2200253 a 4500
001 adlib96000001
003 ViArRB
005 200902210153555.7
008 960221s1955 dcuabcdjdbkoqu001 0deng d
020 _a
022 _a
040 _aAdlib
082 _a536.23
245 _aSurface studies of some metallic thin films by opitical methods
250 _a
260 _aCochin
_bDept. of physics
_c1984
300 _axi, 203 p:illus
_c
500 _a Thesis (Ph.D) University of cochin, 1984
100 _aVijayakumar, K P
_e
700 _a
_a
942 _cREF
653 _athesis
_aLight
_aPhotometry
_aOptics
_aColour
_aOptical storage devices
_aSpectrum analysis
_aPhosphoresence
_aSpectroscopy
_aPhysics
_aThin films
_aPhysics
_aOptics
_aBiophysics
_aAstrophysics
_aNuclear physics
_aRadioactivity
_aQuantum theory
_aMechanics
_aHydrostatics
_aThermodynamics
_aScience
_aChemistry
_aLight
_aPhotometry
_aOptics
_aColour
_aOptical storage devices
_aSpectrum analysis
_aPhosphoresence
_aSpectroscopy
_aPhysics
952 _w2010-06-16
_pG0003476
_r2010-06-16
_40
_00
_bUL
_10
_oT 536.23 VIJ
_d2010-06-16
_70
_cREF
_2udc
_yREF
_aUL
999 _c14574
_d14573